<?xml version="1.0" encoding="UTF-8"?>
<collection xmlns="http://www.loc.gov/MARC21/slim">
 <record>
  <leader>00866cam a2200169 7i4500</leader>
  <controlfield tag="001">0000135438</controlfield>
  <controlfield tag="005">20080213090000.0</controlfield>
  <controlfield tag="002">  0000000501</controlfield>
  <datafield tag="090" ind1="0" ind2="0">
   <subfield code="a">LP 45 FPSS 1 1993 </subfield>
  </datafield>
  <datafield tag="100" ind1="0" ind2="#">
   <subfield code="a">Tang Chee Wah </subfield>
  </datafield>
  <datafield tag="235" ind1="0" ind2="0">
   <subfield code="a">Biologi pembiakan belut sawah Monopterus albus (Zuiew) dalam keadaan tangki </subfield>
   <subfield code="c">Tang Chee Wah.</subfield>
  </datafield>
  <datafield tag="245" ind1="0" ind2="0">
   <subfield code="a">Laporan Projek FPSS (Ijazah Bacelor Sains Perikanan)1993.</subfield>
  </datafield>
  <datafield tag="260" ind1="#" ind2="#">
   <subfield code="a">Serdang, Selangor: </subfield>
   <subfield code="b">Universiti Pertanian Malaysia, </subfield>
   <subfield code="c">1993.</subfield>
  </datafield>
  <datafield tag="300" ind1=" " ind2=" ">
   <subfield code="a">xi, 62 p.: </subfield>
   <subfield code="b">ill. (some col.); </subfield>
   <subfield code="c">30 cm..</subfield>
  </datafield>
  <datafield tag="502" ind1="#" ind2="#">
   <subfield code="a">Kebanyakan belut yang digunakan dalam kajian ini bersauz antara 500 - 700 mm panjang dan berat badan adalah 100 - 500g. Pemerhatian histologi menunjukan pengembangan oosit telah mencapai peringkat butiran kuning telur tertier dan folikel atretik dipai...[et al.]</subfield>
  </datafield>
  <datafield tag="602" ind1="#" ind2="#">
   <subfield code="a">Laporan Projek FPSS 1993</subfield>
  </datafield>
  <datafield tag="999" ind1=" " ind2=" ">
   <subfield code="a">1100023746</subfield>
   <subfield code="b">Book</subfield>
   <subfield code="c">Koleksi Arkib</subfield>
   <subfield code="e">BILIK ARKIB</subfield>
  </datafield>
 </record>
</collection>
